000 00839nam a22002177a 4500
005 20251204165846.0
010 _aB-746059-064 ENG-147209 E.N.A./7.11.22
020 _a9789383848645
_c695.00
035 _aB-746059-064
035 _aEN-130741
037 _bAsian Book Centre
037 _bDBAD
082 _a327.54
245 _aIndias's Foreign Policy/
_cEd.by Vijay Kumar Verma
260 _aNew Delhi
_bPinnacle Learning
_c2021
270 _a24, D.D.A. Shopping Complex Ber Sarai,
_bNew Delhi
_e110016
_k9811592500
300 _a518p.
_c22cm(pbk)
700 _aVerma, Vijay Kumar
_985869
942 _2ddc
_cEN
_mVER
_h327.54
999 _c194091
_d194091